| 000 | 00360nam a2200145Ia 4500 | ||
|---|---|---|---|
| 008 | 230917s9999||||xx |||||||||||||| ||und|| | ||
| 040 |
_e44647 _aMAIN |
||
| 041 | _aEnglish | ||
| 082 | _a294.6 D879S | ||
| 100 | _aDuggal, K S | ||
| 245 | 4 | _aThe Sikh Guru: their lives and teachings | |
| 260 |
_aNew Delhi _bVikas _c1980 |
||
| 300 | _aix, 240 p. | ||
| 942 | _cBK | ||
| 999 |
_c212342 _d212342 |
||